000 00258nam a22001097a 4500
082 _a910 STA'N
100 _aSTAMP, L. DUDLEY
_946447
245 _aA NEW GEOGRAPHY OF INDIA BURMA AND CEYLON
260 _aLONDON
_bLOGMAN
_c1939
300 _a452P
942 _cBK
999 _c567886
_d567886